|
|
|
|
| LEADER |
00575 a2200157 4500 |
| 008 |
150919b xxu||||| |||| 00| 0 mal d |
| 082 |
|
|
|a 850.9
|
| 100 |
|
|
|a Rajakrishnan, V.
|
| 245 |
|
|
|a Mounam thetunna vakku /
|c V. Rajakrishnan
|
| 260 |
|
|
|c 2011.
|b Sahitya Pravarthaka Co-operative Society,
|a Kottayam:
|
| 300 |
|
|
|a 117p. ;
|c 22 cm.
|
| 546 |
|
|
|a in Malayalam
|
| 650 |
|
|
|a Malayalam Literature
|x Criticism
|
| 942 |
|
|
|2 ddc
|c BK
|
| 999 |
|
|
|c 105838
|d 105838
|
| 952 |
|
|
|0 0
|1 0
|4 0
|6 850_900000000000000_RAJ_M
|7 0
|9 109024
|a UL
|b UL
|c REF
|d 2014-11-13
|e 2
|g 59.50
|l 0
|o 850.9 RAJ/M
|p 92960
|r 2015-03-30
|v 85.00
|y TXT
|